[Event "Caen op"]
[Site "Caen"]
[Date "2003.10.31"]
[Round "2"]
[White "L'Hirondel, Andre"]
[Black "Canonne, Antoine"]
[Result "0-1"]
[WhiteElo "1730"]
[BlackElo "2040"]
[PlyCount "62"]
[EventDate "2003.11.01"]
[EventType "swiss"]
[EventRounds "5"]
[EventCountry "FRA"]
[SourceTitle "EXT 2005"]
[Source "ChessBase"]
[SourceDate "2004.11.15"]
[SourceVersion "1"]
[SourceVersionDate "2004.11.15"]
[SourceQuality "1"]

1. e4 c5 2. Nf3 e6 3. d4 cxd4 4. Nxd4 Bc5 5. Nb3 Bb6 6. Nc3 Ne7 7. Be2 0-0 8. 0-0 f5 9. Kh1 f4 10. Bf3 Nbc6 11. Nb5 Ne5 12. a4 a6 13. Nd6 N7g6 14. c4 Nh4 15. Nd2 Bc5 16. Nxc8 Rxc8 17. Qb3 Qf6 18. Qc3 d6 19. b4 Ba7 20. c5 dxc5 21. b5 Rfd8 22. Rb1 Rd3 23. Qc2 Rcd8 24. b6 Bb8 25. Rg1 Qh6 26. Be2 R3d7 27. Nf3 Ng4 28. Bc4 Rd2 29. Qxd2 Rxd2 30. Rf1 Nxf3 31. h3 Rxf2 0-1